000
00259nam a2200097Ia 4500
001
1046227
005
20250826232213.0
008
250824s9999 xx 000 0 und d
245
0
_a
ELVEDA ÇERKESYA
_c
MEHDİ NÜZHET ÇETİNBAŞ
260
_b
ÇINARALTI YAYINLARI
999
_c
1046227
_d
1046227